000 00302nam a22001217a 4500
008 230619b xxu||||| |||| 00| 0 eng d
082 _a299.9
_bBIR
100 _cSir George Grey
245 _aPolynesian Mythology
260 _aLondon
_bWhitecombe and Tombs Ltd
_c1855
300 _a249p
942 _2ddc
_cBK
999 _c1332
_d1332